| 000 | 00482nam a22001813a 4500 | ||
|---|---|---|---|
| 005 | 20240920063722.0 | ||
| 008 | 010924s2000 fr r 000 0 eng d | ||
| 020 | _a9264176772 | ||
| 035 | _aUPN01000111915 | ||
| 049 | _aCG | ||
| 050 | 4 |
_aLC5215 _bW4.3 |
|
| 245 | 0 | 0 | _aWhere are the resources for lifelong learning?. |
| 260 |
_aParís : _bOECD, _c2000. |
||
| 300 |
_a137 p. : _btablas |
||
| 440 | 0 | _aEducation and skills | |
| 650 | 4 |
_aEducación permanente _97280 |
|
| 905 | _aLibro | ||
| 999 |
_c85823 _d85823 |
||